000 00772nam a2200265Ia 4500
001 Para_3903
003 CHAP
008 220125s1931 xx 000 0 und d
010 _a202404
040 _cCHAP
090 _aPA FOLLETO 1299
100 _aFriend, R. B
_9166814
245 _aThe squash vine borer Melittia satyriniformis Hubner /
_c R. B. Friend
260 _aStorrs, Connecticut :
_b Agricultural Experiment Station
300 _ap. 588-608
440 _aConnecticut Agr. Agri. Exp. Sta. Bull.; 328
_9167577
650 _aMelittia satyriniformis
_974356
901 _aPA FOLLETO 1299
902 _aA
905 _a0000001931 STO 0000000000 00
910 _a1931
942 _cPARA
942 _cPARA
_d1
999 _c202404
_d202404